Capital Cities with Four Letters - One Minute Sprint - Statistics

General Stats
  • This quiz has been taken 42 times
  • The average score is 10 of 14
Answer Stats
capital % Correct
Suva
97%
Rome
90%
Bern
80%
Lima
80%
Apia
77%
Dili
73%
Kiev
73%
Oslo
73%
Baku
70%
Riga
70%
Juba
63%
Lomé
63%
Doha
60%
Malé
50%
No matching quizzes found
Score Distribution
Percent of People with Each Score
Percentile by Number Answered
Your Score History
You have not taken this quiz